00392nam a2200121Ia 4500008004100000100001700041245005800058245001600116260000900132300000900141650001300150856010700163170221s9999 xx 000 0 und d aIqbal, Uqbah aBook Review ‘Why Business Failed’ (Malay Version) cUqbah Iqbal c2014 a13 : xBusiness uhttp://www.omicsgroup.org/journals/book-review-why-business-failed-malay-version-2169-0286-1000142.pdf